000 01026cab a2200325 4500
001 ABS49977
008 090401t1994 xxu||||| |||| 00| 0 eng d
035 _a(Sirsi) u73520
041 _aeng
100 _aKnafler, S.
245 _aHomelessness
260 _c1994
350 _a0
490 _aSolicitors` Journal
_v138(3) 28 January 1994, 67-68(2)
520 _aA round-up of recent law cases on local government housing provision for homeless applicants.
650 _aHOMELESS PEOPLE
650 _aR V BRENT LBC EX P AWUA
650 _aR V GREENWICH LBC EX P PATTERSON
650 _aR V ISLINGTON LBC EX P TRAIL
650 _aR V NEWHAM LBC EX P CAMPBELL
650 _aR V NEWHAM LBC EX P BONES
650 _aR V NORTHAMPTON BC EX P CARPENTER
650 _aR V NORTHAVON DC EX P PALMER
650 _aR V TOWER HAMLETS LBC EX P KHATUN
650 _aR V SOS ENVIRONMENT EX P SOS ENVIRONMENT
650 _aR V WANDSWORTH LBC EX P OTENG
690 _aHOUSING
942 _n0
948 _c04/03/1997
999 _c46464
_d46464